All Places in Michigan on a map - Statistics

General Stats
  • This quiz has been taken 18 times
  • The average score is 188 of 745
Answers on the Map
Answers color-coded by a green-red scale on the quiz's map according to % correct below.
 
Answer Stats
County Population Answer % Correct
Washtenaw 123,875 Ann Arbor
91%
Wayne 639,475 Detroit
91%
Kent 198,890 Grand Rapids
91%
Kalamazoo 73,573 Kalamazoo
91%
Lenawee 2,527 Clinton
82%
Jackson 31,317 Jackson
82%
Ingham / Eaton / Clinton 112,661 Lansing
82%
Mackinac 582 Mackinac Island
82%
Marquette 20,609 Marquette
82%
Muskegon 37,229 Muskegon
82%
Oakland 61,603 Pontiac
82%
Ingham / Clinton 47,748 East Lansing
73%
Oakland 11,599 Farmington
73%
Genesee 81,269 Flint
73%
Hillsdale 8,040 Hillsdale
73%
Houghton 8,389 Houghton
73%
Emmet / Cheboygan 846 Mackinaw City
73%
Monroe 20,466 Monroe
73%
Emmet 5,869 Petoskey
73%
Saginaw 44,208 Saginaw
73%
Berrien 7,860 St. Joseph
73%
Grand Traverse / Leelanau 15,670 Traverse City
73%
Allegan 5,219 Allegan
64%
Alpena 10,209 Alpena
64%
Bay 2,069 Auburn
64%
Bay 32,659 Bay City
64%
Berrien 9,102 Benton Harbor
64%
Oakland 21,816 Birmingham
64%
Charlevoix 2,349 Charlevoix
64%
Wayne 109,961 Dearborn
64%
Oceana 2,052 Hart
64%
Ionia 13,378 Ionia
64%
Lapeer 9,048 Lapeer
64%
Manistee 6,266 Manistee
64%
Midland / Bay 42,535 Midland
64%
St. Clair 28,975 Port Huron
64%
St. Clair 5,465 St. Clair
64%
Arenac 456 Sterling
64%
Macomb 139,397 Warren
64%
Hillsdale 222 Allen
55%
Montmorency 720 Atlanta
55%
Huron 3,026 Bad Axe
55%
Calhoun 52,708 Battle Creek
55%
Mecosta 7,730 Big Rapids
55%
Cheboygan 4,770 Cheboygan
55%
Monroe 5,363 Dundee
55%
Saginaw 5,000 Frankenmuth
55%
Otsego 4,284 Gaylord
55%
Van Buren 1,020 Lawrence
55%
Alcona 289 Lincoln
55%
Calhoun 6,831 Marshall
55%
Menominee 8,483 Menominee
55%
Newaygo 2,470 Newaygo
55%
Berrien 1,710 New Buffalo
55%
Van Buren 3,367 Paw Paw
55%
Ionia 3,792 Portland
55%
Oakland 13,033 Rochester
55%
Roscommon 981 Roscommon
55%
Chippewa 13,336 Sault Ste. Marie
55%
Van Buren / Allegan 3,965 South Haven
55%
Macomb 134,338 Sterling Heights
55%
Clinton 7,702 St. Johns
55%
Oakland 87,297 Troy
55%
Wayne 17,711 Wayne
55%
Washtenaw 20,655 Ypsilanti
55%
Ottawa 27,073 Allendale
45%
Gratiot 9,490 Alma
45%
Macomb 1,701 Armada
45%
Baraga 1,901 Baraga
45%
Oakland 4,452 Bloomfield Hills
45%
Charlevoix 3,812 Boyne City
45%
Livingston 7,447 Brighton
45%
Leelanau 102 Cedar
45%
Eaton 9,295 Charlotte
45%
Clare / Isabella 3,260 Clare
45%
Genesee 5,139 Davison
45%
Kent 11,382 East Grand Rapids
45%
Delta 12,420 Escanaba
45%
Oakland 83,999 Farmington Hills
45%
Benzie 1,249 Frankfort
45%
Gladwin 3,069 Gladwin
45%
Crawford 1,855 Grayling
45%
Emmet 1,274 Harbor Springs
45%
Barry 7,513 Hastings
45%
Ottawa / Allegan 34,374 Holland
45%
Roscommon 5,294 Houghton Lake
45%
Lenawee 2,422 Hudson
45%
Cheboygan 1,950 Indian River
45%
Gogebic 5,042 Ironwood
45%
Gratiot 2,853 Ithaca
45%
Kalkaska 2,190 Kalkaska
45%
Mason 7,653 Ludington
45%
Ingham 8,283 Mason
45%
Mecosta 403 Mecosta
45%
Isabella 21,700 Mount Pleasant
45%
Berrien / Cass 11,985 Niles
45%
Oakland 66,239 Novi
45%
Shiawassee 14,718 Owosso
45%
Oakland 3,492 Oxford
45%
Bay 1,201 Pinconning
45%
Oakland 76,308 Rochester Hills
45%
Delta 181 Rock
45%
Kent 6,133 Rockford
45%
Presque Isle 2,851 Rogers City
45%
Wayne 25,171 Romulus
45%
Macomb 47,718 Roseville
45%
Oakland 58,200 Royal Oak
45%
Allegan 868 Saugatuck
45%
Oceana 2,160 Shelby
45%
Arenac 1,460 Standish
45%
Macomb 58,875 St. Clair Shores
45%
Mackinac 2,306 St. Ignace
45%
Iosco 1,832 Tawas City
45%
Macomb 5,239 Utica
45%
Kent 25,136 Walker
45%
Kent 76,510 Wyoming
45%
Ottawa 5,720 Zeeland
45%
Lenawee 20,646 Adrian
36%
Calhoun 7,702 Albion
36%
Wayne 28,650 Allen Park
36%
Calhoun 970 Athens
36%
Oakland 24,368 Auburn Hills
36%
Arenac 954 Au Gres
36%
Lake 953 Baldwin
36%
Van Buren 2,012 Bangor
36%
Isabella 332 Beal City
36%
Gladwin 1,154 Beaverton
36%
Antrim 1,001 Bellaire
36%
Benzie 546 Benzonia
36%
Jackson 1,362 Brooklyn
36%
Saginaw 1,194 Burt
36%
Genesee 29,708 Burton
36%
Shiawassee 533 Byron
36%
Kent 7,431 Byron Center
36%
Wexford 10,367 Cadillac
36%
Houghton 678 Calumet
36%
Tuscola 4,323 Caro
36%
Cass 1,738 Cassopolis
36%
Ionia 398 Clarksville
36%
Kalamazoo 732 Climax
36%
Branch 13,827 Coldwater
36%
Shiawassee 3,048 Corunna
36%
Wayne 63,291 Dearborn Heights
36%
Cass 5,724 Dowagiac
36%
Shiawassee 3,505 Durand
36%
Iosco 2,668 East Tawas
36%
Osceola 1,745 Evart
36%
Wayne 10,538 Flat Rock
36%
Genesee 8,414 Flushing
36%
Clinton 1,232 Fowler
36%
Livingston 2,954 Fowlerville
36%
Oakland 3,161 Franklin
36%
Van Buren 855 Gobles
36%
Genesee 8,088 Grand Blanc
36%
Ottawa 11,014 Grand Haven
36%
Eaton / Clinton 7,794 Grand Ledge
36%
Kent 16,086 Grandville
36%
Newaygo 958 Grant
36%
Montcalm 8,811 Greenville
36%
Houghton 4,494 Hancock
36%
Clare 2,149 Harrison
36%
Van Buren 2,517 Hartford
36%
Livingston 777 Hartland
36%
Oakland 14,989 Hazel Park
36%
Shiawassee 413 Henderson
36%
Livingston 10,072 Howell
36%
Ottawa 7,629 Hudsonville
36%
Monroe 790 Ida
36%
Lapeer 3,702 Imlay City
36%
Dickinson 7,519 Iron Mountain
36%
Marquette 6,147 Ishpeming
36%
Kent 54,309 Kentwood
36%
Grand Traverse 1,414 Kingsley
36%
Tuscola 401 Kingston
36%
Missaukee 832 Lake City
36%
Sanilac 921 Lexington
36%
Wayne 95,529 Livonia
36%
Oakland 28,462 Madison Heights
36%
Washtenaw 2,078 Manchester
36%
Schoolcraft 2,833 Manistique
36%
St. Clair 4,075 Marine City
36%
Allegan 406 Martin
36%
Van Buren 2,555 Mattawan
36%
Macomb / St. Clair 1,082 Memphis
36%
Oscoda 1,690 Mio
36%
Hillsdale 318 Montgomery
36%
Alger 1,971 Munising
36%
Muskegon 9,918 Muskegon Heights
36%
Macomb 12,107 New Baltimore
36%
Macomb 6,101 New Haven
36%
Muskegon 4,091 North Muskegon
36%
Oakland / Wayne 6,118 Northville
36%
Oakland 29,573 Oak Park
36%
Ingham 25,121 Okemos
36%
Ontonagon 1,266 Ontonagon
36%
Iosco 916 Oscoda
36%
Allegan 4,114 Otsego
36%
Mecosta 271 Paris
36%
Oceana 899 Pentwater
36%
Wayne 9,359 Plymouth
36%
Kalamazoo 48,902 Portage
36%
Macomb / St. Clair 5,875 Richmond
36%
Macomb 3,769 Romeo
36%
Washtenaw 8,946 Saline
36%
Sanilac 2,710 Sandusky
36%
Kalamazoo 1,470 Schoolcraft
36%
Isabella 1,494 Shepherd
36%
Oakland 76,607 Southfield
36%
Montcalm 1,342 Stanton
36%
Gratiot 7,011 St. Louis
36%
Leelanau 571 Suttons Bay
36%
Wayne 18,543 Trenton
36%
Branch / Calhoun 1,719 Union City
36%
Ogemaw 2,347 West Branch
36%
Muskegon 2,912 Whitehall
36%
Ingham 3,820 Williamston
36%
St. Clair 1,899 Yale
36%
Saginaw 1,534 Zilwaukee
36%
Lenawee 601 Addison
27%
Tuscola 374 Akron
27%
Antrim 287 Alba
27%
St. Clair 4,194 Algonac
27%
Lapeer 2,832 Almont
27%
Ionia 5,939 Belding
27%
Wayne 4,009 Belleville
27%
Oakland 15,192 Berkley
27%
Berrien 1,841 Berrien Springs
27%
Gogebic 1,804 Bessemer
27%
Oakland 10,598 Beverly Hills
27%
Saginaw 1,558 Birch Run
27%
Saginaw 6,571 Bridgeport
27%
Wexford 767 Buckley
27%
Calhoun 302 Burlington
27%
Kent 1,627 Caledonia
27%
St. Clair 1,988 Capac
27%
Huron 654 Caseville
27%
Tuscola 2,514 Cass City
27%
Kent 3,628 Cedar Springs
27%
Macomb 8,548 Center Line
27%
Washtenaw 5,465 Chelsea
27%
Oakland 11,397 Clawson
27%
Midland 1,260 Coleman
27%
Berrien 1,465 Coloma
27%
St. Joseph 1,213 Colon
27%
Kent 10,500 Comstock Park
27%
Jackson 1,092 Concord
27%
St. Joseph 1,992 Constantine
27%
Ottawa 4,830 Coopersville
27%
Keweenaw 136 Copper Harbor
27%
Mason 293 Custer
27%
Clinton 4,779 DeWitt
27%
Washtenaw 4,503 Dexter
27%
Allegan 3,520 Dorr
27%
Clinton 104 Eagle
27%
Macomb 34,322 Eastpointe
27%
Eaton 5,210 Eaton Rapids
27%
Wayne 9,317 Ecorse
27%
Montcalm 1,220 Edmore
27%
Antrim 1,532 Elk Rapids
27%
Leelanau 348 Empire
27%
Genesee / Livingston / Oakland 12,044 Fenton
27%
Saginaw 7,630 Freeland
27%
Mason 150 Free Soil
27%
Newaygo 4,509 Fremont
27%
Muskegon 1,100 Fruitport
27%
Wayne 4,999 Gibraltar
27%
Leelanau 261 Glen Arbor
27%
Jackson 1,110 Grass Lake
27%
Ontonagon 146 Greenland
27%
Wayne 5,670 Grosse Pointe
27%
Wayne 10,150 Grosse Pointe Farms
27%
Wayne 11,599 Grosse Pointe Park
27%
Wayne 16,489 Grosse Pointe Woods
27%
Wayne 28,433 Hamtramck
27%
Huron 1,603 Harbor Beach
27%
Wayne 15,493 Harper Woods
27%
Montmorency / Alpena 622 Hillman
27%
Oakland 6,002 Holly
27%
Montcalm 1,833 Howard City
27%
Ottawa 16,640 Jenison
27%
Hillsdale 2,184 Jonesville
27%
Oakland 2,887 Lake Orion
27%
Montcalm 1,016 Lakeview
27%
Baraga 1,909 L'Anse
27%
Van Buren 1,810 Lawton
27%
Montmorency 996 Lewiston
27%
Wayne 40,246 Lincoln Park
27%
Kent 4,140 Lowell
27%
Monroe 1,376 Luna Pier
27%
Antrim 1,333 Mancelona
27%
Osceola 783 Marion
27%
St. Clair 9,996 Marysville
27%
Missaukee 642 McBain
27%
Sanilac 154 Melvin
27%
Wayne 12,856 Melvindale
27%
Wexford 396 Mesick
27%
Washtenaw / Monroe 6,079 Milan
27%
Oakland 6,521 Milford
27%
Muskegon 2,417 Montague
27%
Genesee 3,170 Mount Morris
27%
Marquette 4,629 Negaunee
27%
Lapeer 1,109 North Branch
27%
Leelanau 487 Northport
27%
Muskegon 25,033 Norton Shores
27%
Dickinson 2,835 Norway
27%
Presque Isle 893 Onaway
27%
Jackson 774 Parma
27%
Emmet 802 Pellston
27%
Shiawassee 2,072 Perry
27%
Montcalm 199 Pierson
27%
Livingston 2,394 Pinckney
27%
Allegan 3,790 Plainwell
27%
Presque Isle 272 Posen
27%
Roscommon 1,643 Prudenville
27%
Kalamazoo 951 Richland
27%
Wayne 12,491 Riverview
27%
Ogemaw 574 Rose City
27%
Iosco 1,418 Sand Lake
27%
Kent 471 Sand Lake
27%
Midland 782 Sanford
27%
Mason 1,356 Scottville
27%
Wayne 30,017 Southgate
27%
Oakland 11,742 South Lyon
27%
Kent 4,243 Sparta
27%
Jackson 2,916 Spring Arbor
27%
Calhoun 5,291 Springfield
27%
Saginaw 1,999 St. Charles
27%
Berrien 1,157 Stevensville
27%
Charlevoix 145 St. James
27%
St. Joseph 11,141 Sturgis
27%
Genesee 5,897 Swartz Creek
27%
Wayne 63,390 Taylor
27%
Lenawee 8,677 Tecumseh
27%
Calhoun 671 Tekonsha
27%
St. Joseph 7,976 Three Rivers
27%
Eaton 747 Vermontville
27%
Shiawassee 733 Vernon
27%
Kalamazoo 3,802 Vicksburg
27%
Berrien 1,666 Watervliet
27%
Allegan 4,434 Wayland
27%
Ingham 1,308 Webberville
27%
Wayne 85,407 Westland
27%
Newaygo 1,477 White Cloud
27%
St. Joseph 1,732 White Pigeon
27%
Iosco 416 Whittemore
27%
Cheboygan 281 Wolverine
27%
Barry 413 Woodland
27%
Wayne 25,044 Wyandotte
27%
Emmet 778 Alanson
18%
Manistee 309 Arcadia
18%
Kalamazoo 863 Augusta
18%
Iosco 1,453 Au Sable
18%
Berrien 894 Baroda
18%
Mecosta 398 Barryton
18%
Clinton 2,841 Bath
18%
Huron 464 Bay Port
18%
Eaton 1,347 Bellevue
18%
Benzie 304 Beulah
18%
Oakland 1,116 Bingham Farms
18%
Van Buren 521 Bloomingdale
18%
Wexford 90 Boon
18%
Charlevoix 376 Boyne Falls
18%
Gratiot 1,278 Breckenridge
18%
Berrien 2,096 Bridgman
18%
Chippewa 501 Brimley
18%
Branch 2,304 Bronson
18%
Sanilac / Lapeer 1,306 Brown City
18%
Berrien 4,306 Buchanan
18%
Saginaw 5,855 Buena Vista
18%
St. Joseph 774 Burr Oak
18%
Monroe 2,334 Carleton
18%
Emmet 356 Carp Lake
18%
Montcalm 1,105 Carson City
18%
Lenawee / Jackson 421 Cement City
18%
St. Joseph 1,324 Centreville
18%
Saginaw 2,463 Chesaning
18%
Genesee 2,527 Clio
18%
Manistee 193 Copemish
18%
Houghton 204 Copper City
18%
Emmet 79 Cross Village
18%
Sanilac 2,319 Croswell
18%
Montcalm 888 Crystal
18%
Van Buren 1,691 Decatur
18%
Sanilac 885 Deckerville
18%
Lenawee 911 Deerfield
18%
Barry 854 Delton
18%
Chippewa 259 De Tour Village
18%
Lapeer 1,033 Dryden
18%
Antrim 206 Eastport
18%
Berrien 562 Eau Claire
18%
Cass 1,311 Edwardsburg
18%
Huron 801 Elkton
18%
Antrim 348 Ellsworth
18%
Clinton 942 Elsie
18%
Bay 3,380 Essexville
18%
Tuscola 534 Fairgrove
18%
Clare 886 Farwell
18%
Allegan 1,744 Fennville
18%
Oakland 19,184 Ferndale
18%
Grand Traverse 465 Fife Lake
18%
Kent 28,573 Forest Hills
18%
Macomb 14,725 Fraser
18%
Barry 539 Freeport
18%
Keweenaw 182 Fulton
18%
Kalamazoo 2,051 Galesburg
18%
Delta 189 Garden
18%
Wayne 27,389 Garden City
18%
Delta 5,258 Gladstone
18%
Genesee 2,020 Goodrich
18%
Berrien 280 Grand Beach
18%
Jackson 480 Hanover
18%
Alcona 437 Harrisville
18%
Saginaw 1,408 Hemlock
18%
Osceola 357 Hersey
18%
Wayne 8,982 Highland Park
18%
Ingham 25,625 Holt
18%
Calhoun 1,593 Homer
18%
Benzie 325 Honor
18%
Allegan 634 Hopkins
18%
Oakland 6,386 Huntington Woods
18%
Wayne 26,078 Inkster
18%
Grand Traverse 694 Interlochen
18%
Iron 3,009 Iron River
18%
Lenawee 371 Jasper
18%
Oakland 2,768 Keego Harbor
18%
Kent 1,291 Kent City
18%
Dickinson 5,142 Kingsford
18%
Shiawassee 1,428 Laingsburg
18%
Oakland 286 Lake Angelus
18%
Genesee 5,905 Lake Fenton
18%
Isabella 1,896 Lake Isabella
18%
Leelanau 229 Lake Leelanau
18%
Ionia 2,048 Lake Odessa
18%
Clinton 984 Lake Victoria
18%
Monroe 10,433 Lambertville
18%
Oakland 4,092 Lathrup Village
18%
Leelanau 410 Leland
18%
Osceola 254 Le Roy
18%
Genesee 4,145 Linden
18%
Lake 301 Luther
18%
Ionia 773 Lyons
18%
Wexford 1,259 Manton
18%
Benzie 139 Maple Grove
18%
Cass 1,072 Marcellus
18%
Sanilac 1,860 Marlette
18%
Tuscola 921 Mayville
18%
Montcalm 217 McBride
18%
Oceana 332 Mears
18%
St. Joseph 883 Mendon
18%
Saginaw 686 Merrill
18%
Lapeer 589 Metamora
18%
Berrien 217 Michiana
18%
Marquette 255 Michigamme
18%
Tuscola 1,034 Millington
18%
Keweenaw 388 Mohawk
18%
Genesee 1,742 Montrose
18%
Mecosta 510 Morley
18%
Macomb 15,701 Mount Clemens
18%
Ionia 642 Muir
18%
Jackson 1,131 Napoleon
18%
Barry 1,574 Nashville
18%
Mackinac 147 Naubinway
18%
Luce 1,449 Newberry
18%
Shiawassee 589 New Lothrop
18%
Hillsdale 471 North Adams
18%
Charlevoix 144 Norwood
18%
Eaton 1,517 Olivet
18%
Arenac 277 Omer
18%
Manistee 402 Onekama
18%
Lenawee 1,002 Onsted
18%
Oakland 2,233 Orchard Lake Village
18%
Alpena 932 Ossineke
18%
Clinton 1,481 Ovid
18%
Marquette 378 Palmer
18%
Kalamazoo 1,925 Parchment
18%
Gratiot 392 Perrinton
18%
Ionia 517 Pewamo
18%
Huron 1,218 Pigeon
18%
Oakland 2,630 Pleasant Ridge
18%
Huron 665 Port Austin
18%
Sanilac 572 Port Sanilac
18%
Eaton 3,055 Potterville
18%
Ogemaw 225 Prescott
18%
Branch 1,557 Quincy
18%
Muskegon 1,342 Ravenna
18%
Hillsdale 1,094 Reading
18%
Osceola 2,485 Reed City
18%
Tuscola / Saginaw 1,282 Reese
18%
Gratiot 281 Riverdale
18%
Wayne 7,228 River Rouge
18%
Ontonagon 173 Rockland
18%
Wayne 3,242 Rockwood
18%
Muskegon 4,170 Roosevelt Park
18%
Isabella 355 Rosebush
18%
Ionia 1,373 Saranac
18%
Kalamazoo 187 Scotts
18%
Huron 1,737 Sebewaing
18%
Montcalm 695 Sheridan
18%
Monroe 1,597 South Rockwood
18%
Ottawa 2,537 Spring Lake
18%
Jackson 831 Springport
18%
Mecosta 203 Stanwood
18%
Menominee 821 Stephenson
18%
Roscommon 2,735 St. Helen
18%
Ingham 1,251 Stockbridge
18%
Oakland 1,718 Sylvan Lake
18%
Monroe 9,188 Temperance
18%
Benzie 469 Thompsonville
18%
Berrien 1,420 Three Oaks
18%
Arenac 120 Turner
18%
Osceola 253 Tustin
18%
Arenac 140 Twining
18%
Huron 848 Ubly
18%
Tuscola 492 Unionville
18%
Otsego 515 Vanderbilt
18%
Tuscola 2,730 Vassar
18%
Gogebic 1,704 Wakefield
18%
Oakland 7,246 Walled Lake
18%
Gogebic 408 Watersmeet
18%
Manistee 254 Wellston
18%
Clinton 942 Westphalia
18%
Washtenaw / Livingston 7,584 Whitmore Lake
18%
Isabella 166 Winn
18%
Oakland 17,194 Wixom
18%
Oakland 4,519 Wolverine Lake
18%
Wayne 12,938 Woodhaven
18%
Charlevoix 340 Advance
9%
Keweenaw 113 Ahmeek
9%
Antrim 123 Alden
9%
Iron 123 Alpha
9%
Iron 195 Amasa
9%
Sanilac 228 Applegate
9%
Genesee 2,685 Argentine
9%
Gratiot 515 Ashley
9%
Houghton 565 Atlantic Mine
9%
Lapeer 962 Attica
9%
Shiawassee 479 Bancroft
9%
Washtenaw 325 Barton Hills
9%
Charlevoix / Emmet 687 Bay Shore
9%
Emmet 183 Bay View
9%
Kalkaska 366 Bear Lake
9%
Manistee 336 Bear Lake
9%
Genesee 8,840 Beecher
9%
Ottawa 3,121 Beechwood
9%
Benzie 210 Bendon
9%
Berrien 3,652 Benton Heights
9%
Ontonagon 141 Bergland
9%
Marquette 257 Big Bay
9%
Lenawee 3,325 Blissfield
9%
Van Buren 203 Breedsville
9%
Manistee 331 Brethren
9%
Lenawee 575 Britton
9%
Calhoun 2,021 Brownlee Park
9%
Ontonagon 184 Bruce Crossing
9%
Emmet 202 Brutus
9%
Hillsdale 258 Cambria
9%
Hillsdale 517 Camden
9%
Montmorency 258 Canada Creek Ranch
9%
Mecosta 3,202 Canadian Lakes
9%
Kent 203 Cannonsburg
9%
Menominee 182 Carney
9%
Sanilac 503 Carsonville
9%
Kent / Muskegon 318 Casnovia
9%
Iron 810 Caspian
9%
Antrim 940 Central Lake
9%
Houghton 876 Chassell
9%
Alger 217 Chatham
9%
Grand Traverse 1,065 Chums Corner
9%
Lenawee 325 Clayton
9%
Lapeer 309 Clifford
9%
Lapeer 718 Columbiaville
9%
Kalamazoo 5,562 Comstock Northwest
9%
Emmet 338 Conway
9%
Baraga 99 Covington
9%
Iron 1,601 Crystal Falls
9%
Kent 17,849 Cutlerville
9%
Menominee 207 Daggett
9%
Ingham 528 Dansville
9%
Monroe 1,957 Detroit Beach
9%
Eaton 1,175 Dimondale
9%
Houghton 391 Dodgeville
9%
Houghton 1,061 Dollar Bay
9%
Allegan 1,372 Douglas
9%
Barry 351 Dowling
9%
Keweenaw 69 Eagle Harbor
9%
Keweenaw 65 Eagle River
9%
Charlevoix 2,244 East Jordan
9%
Manistee 419 Eastlake
9%
Kalamazoo 6,366 Eastwood
9%
Ingham 2,326 Edgemont Park
9%
Benzie 309 Elberta
9%
Gratiot 279 Elm Hall
9%
St. Clair 238 Emmett
9%
Monroe 419 Estral Beach
9%
Clinton 233 Eureka
9%
Ontonagon 229 Ewen
9%
Berrien 7,402 Fair Plain
9%
Ottawa 2,950 Ferrysburg
9%
Manistee 136 Filer City
9%
Sanilac 86 Forestville
9%
Tuscola 664 Fostoria
9%
Mason 180 Fountain
9%
Iron 317 Gaastra
9%
Tuscola 323 Gagetown
9%
Genesee 377 Gaines
9%
Berrien 541 Galien
9%
Alger 234 Grand Marais
9%
Grand Traverse 816 Grawn
9%
Marquette 1,784 Gwinn
9%
Wexford 156 Harrietta
9%
Marquette 3,244 Harvey
9%
Ingham 19,670 Haslett
9%
Menominee 509 Hermansville
9%
Oceana / Newaygo 966 Hesperia
9%
Barry 313 Hickory Corners
9%
Charlevoix 485 Horton Bay
9%
Alcona 857 Hubbard Lake
9%
Ionia / Clinton 339 Hubbardston
9%
Houghton 908 Hubbell
9%
Charlevoix 148 Ironton
9%
Missaukee 229 Jennings
9%
Manistee 522 Kaleva
9%
Chippewa 2,587 Kincheloe
9%
Huron 442 Kinde
9%
Benzie 246 Lake Ann
9%
Ontonagon 122 Lake Gogebic
9%
Hillsdale 1,571 Lake LeAnn
9%
Houghton 1,016 Lake Linden
9%
Berrien 1,101 Lake Michigan Beach
9%
St. Clair 720 Lakeport
9%
Muskegon 1,333 Lakewood Club
9%
Ottawa 1,094 Lamont
9%
Houghton 1,873 Laurium
9%
Shiawassee / Genesee 479 Lennon
9%
Oakland 357 Leonard
9%
Ingham 1,924 Leslie
9%
Calhoun 3,260 Level Park-Oak Park
9%
Emmet 176 Levering
9%
Hillsdale 1,395 Litchfield
9%
Isabella 194 Loomis
9%
Alcona 367 Lost Lake Woods
9%
Ogemaw 318 Lupton
9%
Kalkaska 465 Manistee Lake
9%
Lenawee 2,032 Manitou Beach-Devils Lake
9%
Leelanau 209 Maple City
9%
Clinton 580 Maple Rapids
9%
Gogebic 179 Marenisco
9%
Ontonagon 148 Mass City
9%
Monroe 546 Maybee
9%
Jackson 4,609 Michigan Center
9%
Shiawassee 825 Middletown
9%
Barry 4,282 Middleville
9%
Berrien 578 Millburg
9%
Presque Isle 204 Millersburg
9%
Sanilac 182 Minden City
9%
Lenawee 2,275 Morenci
9%
Shiawassee 967 Morrice
9%
Eaton 548 Mulliken
9%
Oceana 456 New Era
9%
Berrien 483 New Troy
9%
Kent 15,301 Northview
9%
Ottawa 351 Nunica
9%
Manistee 545 Oak Hill
9%
Saginaw 290 Oakley
9%
Emmet 358 Oden
9%
Oakland 1,355 Ortonville
9%
Genesee 818 Otisville
9%
Lapeer / Genesee 363 Otter Lake
9%
Huron 264 Owendale
9%
Houghton 336 Painesdale
9%
Ionia 236 Palo
9%
Manistee 607 Parkdale
9%
Berrien 3,323 Paw Paw Lake
9%
St. Clair 4,698 Pearl Beach
9%
Sanilac 604 Peck
9%
Baraga 51 Pelkie
9%
Monroe 1,171 Petersburg
9%
Hillsdale 553 Pittsford
9%
Huron 279 Port Hope
9%
Menominee 382 Powers
9%
Dickinson 1,083 Quinnesec
9%
Gogebic 278 Ramsay
9%
Kalkaska 1,357 Rapid City
9%
Delta 335 Rapid River
9%
Marquette 470 Republic
9%
Saginaw 674 Robin Glen-Indiantown
9%
Oceana 438 Rothbury
9%
St. Clair 852 Ruby
9%
Shiawassee 450 Shaftsburg
9%
Branch 284 Sherwood
9%
Saginaw 7,035 Shields
9%
Berrien 879 Shoreham
9%
Berrien 1,249 Shorewood-Tower Hills-Harbert
9%
Baraga 102 Skanee
9%
Ogemaw 3,082 Skidway Lake
9%
Sanilac 330 Snover
9%
Kalkaska 509 South Boardman
9%
Kalamazoo 1,179 South Gull Lake
9%
Monroe 6,468 South Monroe
9%
Monroe 1,784 Stony Point
9%
Manistee 170 Stronach
9%
Eaton 536 Sunfield
9%
Baraga 167 Three Lakes
9%
Cheboygan 248 Tower
9%
Houghton 212 Trimountain
9%
Montcalm 510 Trufant
9%
Muskegon 2,056 Twin Lake
9%
Cass 332 Vandalia
9%
Jackson 4,579 Vandercook Lake
9%
Oakland 928 Village of Clarkston
9%
Clinton 1,532 Wacousta
9%
Hillsdale 555 Waldron
9%
Oceana 262 Walkerville
9%
Charlevoix 271 Walloon Lake
9%
Eaton 23,812 Waverly
9%
Isabella 920 Weidman
9%
Marquette 2,552 West Ishpeming
9%
Kalamazoo 9,621 Westwood
9%
Ontonagon 339 White Pine
9%
Muskegon 5,034 Wolf Lake
9%
Monroe 1,899 Woodland Beach
9%
Baraga 397 Zeba
9%
Lapeer 768 Barnes Lake
0%
Wexford 72 Caberfae
0%
Benzie 55 Crystal Downs Country Club
0%
Benzie 73 Crystal Mountain
0%
Missaukee 183 Falmouth
0%
Leelanau 1,634 Greilickville
0%
Benzie 393 Hardwood Acres
0%
Wexford 335 Haring
0%
Houghton 244 Hurontown
0%
Marquette 3,064 K. I. Sawyer
0%
Antrim 1,044 Lakes of the North
0%
Lapeer 311 Millers Lake
0%
Benzie 81 Nessen City
0%
Leelanau 295 Omena
0%
Benzie 44 Pilgrim
0%
Emmet 126 Ponshewaing
0%
Presque Isle 643 Presque Isle Harbor
0%
Houghton 739 South Range
0%
Marquette 2,287 Trowbridge Park
0%
Wayne / Macomb 2,645 Village of Grosse Pointe Shores
0%
Jackson 992 Vineyard Lake
0%
Wexford 227 Wedgewood
0%
Monroe 3,227 West Monroe
0%
No matching quizzes found
Score Distribution
Percent of People with Each Score
Percentile by Number Answered
Your Score History
You have not taken this quiz